Statistiques concernant Personnages historiques commençant par un S.

Cliquez ici pour prendre le quiz!

Statistiques générales

  • Ce quiz a été pris 704 fois
  • Le résultat moyen est 6 sur 10

Statistiques - réponses

Réponse% Correct
Joseph Staline
98%
Socrate
94%
Antoine de Saint-Exupery
88%
William Shakespeare
86%
Salomon
60%
Soliman le Magnifique
44%
Sophocle
44%
Stendhal
42%
Saladin
24%
Sénèque
24%

Distribution des résultats

Percentile par nombre de réponses

% des personnes avec chaque résultat

Votre développement - résultats

Vous n’avez pas pris ce quiz